[Event "St Petersburg Spassky CC Rating"]
[Site "St Petersburg"]
[Date "2007.02.15"]
[Round "8"]
[White "Korchevsky, Mikhail"]
[Black "Sokolov, Nikolay"]
[Result "0-1"]
[WhiteElo "2030"]
[BlackElo "2078"]
[PlyCount "64"]
[EventDate "2007.01.13"]
[EventType "tourn"]
[EventRounds "9"]
[EventCountry "RUS"]
[SourceTitle "EXT 2019"]
[Source "ChessBase"]
[SourceDate "2018.10.10"]
[SourceVersion "1"]
[SourceVersionDate "2018.10.10"]
[SourceQuality "1"]

1. d4 Nf6 2. c4 g6 3. Nc3 d5 4. cxd5 Nxd5 5. e4 Nxc3 6. bxc3 Bg7 7. Bc4 0-0 8. Ne2 c5 9. 0-0 Nc6 10. Be3 Bg4 11. f3 Na5 12. Bd3 Bd7 13. Rb1 Qc7 14. Qc1 b6 15. e5 Be6 16. Be4 Rad8 17. a3 cxd4 18. cxd4 Qd7 19. Rd1 Rc8 20. Qd2 Rfd8 21. d5 Bf5 22. Bxf5 Qxf5 23. f4 Nc4 24. Ng3 Nxd2 25. Nxf5 Nxb1 26. Nxe7+ Kf8 27. d6 Nc3 28. Rd3 Rc4 29. Kf2 Ke8 30. Bd2 Ne4+ 31. Kf3 Nxd2+ 32. Rxd2 Kd7 0-1

[Event "St Petersburg Spassky CC Rating"]
[Site "St Petersburg"]
[Date "2007.01.27"]
[Round "5"]
[White "Sokolov, Nikolay"]
[Black "Linkevich, Ksenia"]
[Result "1/2-1/2"]
[WhiteElo "2078"]
[BlackElo "1959"]
[PlyCount "88"]
[EventDate "2007.01.13"]
[EventType "tourn"]
[EventRounds "9"]
[EventCountry "RUS"]
[SourceTitle "EXT 2019"]
[Source "ChessBase"]
[SourceDate "2018.10.10"]
[SourceVersion "1"]
[SourceVersionDate "2018.10.10"]
[SourceQuality "1"]

1. e4 c6 2. d4 d5 3. exd5 cxd5 4. Bd3 Nc6 5. c3 Nf6 6. Nf3 Bg4 7. 0-0 e6 8. Re1 Be7 9. Nbd2 0-0 10. Nf1 a6 11. Ng3 b5 12. a3 Qb6 13. h3 Bxf3 14. Qxf3 a5 15. Bg5 b4 16. axb4 axb4 17. Bxf6 Bxf6 18. Nh5 Be7 19. Qg4 g6 20. Nf4 bxc3 21. bxc3 Rxa1 22. Rxa1 Rb8 23. Nxe6 Qb2 24. Rb1 Qxc3 25. Rxb8+ Nxb8 26. Nf4 Bd6 27. g3 Qxd4 28. Bf1 Qc5 29. Nh5 Be5 30. Qg5 Nc6 31. Bg2 Qe7 32. Qg4 Qd8 33. Nf4 Ne7 34. Nxd5 Nxd5 35. Qd1 Bxg3 36. Bxd5 Bd6 37. Qf3 Qg5+ 38. Kf1 Qc1+ 39. Kg2 Qc7 40. Qe4 Kg7 41. Qf3 Qe7 42. Qc3+ Be5 43. Qe3 Qf6 44. Qf3 Qg5+ 1/2-1/2

[Event "St Petersburg Spassky CC Rating"]
[Site "St Petersburg"]
[Date "2007.01.13"]
[Round "1"]
[White "Pleshkov, Mikhail"]
[Black "Sokolov, Nikolay"]
[Result "0-1"]
[WhiteElo "2078"]
[BlackElo "2078"]
[PlyCount "43"]
[EventDate "2007.01.13"]
[EventType "tourn"]
[EventRounds "9"]
[EventCountry "RUS"]
[SourceTitle "EXT 2019"]
[Source "ChessBase"]
[SourceDate "2018.10.10"]
[SourceVersion "1"]
[SourceVersionDate "2018.10.10"]
[SourceQuality "1"]

1. d4 Nf6 2. c4 g6 3. g3 Bg7 4. Bg2 0-0 5. Nf3 c6 6. 0-0 d5 7. Nbd2 Ne4 8. cxd5 cxd5 9. Ne5 Bf5 10. Nxe4 dxe4 11. g4 Bxe5 12. gxf5 Bxd4 13. Bxe4 Nc6 14. Qb3 Qc8 15. Bh6 Bg7 16. Bxg7 Kxg7 17. Qf3 Qb8 18. Qc3+ Qe5 19. Qxe5+ Nxe5 20. fxg6 hxg6 21. f4 Nc4 22. Bd5 0-1